000 02589nam a2200445 a 4500
003 Mxchpua
005 20240528095023.0
007 ta
008 240527s2022 mx bde|fs|||| 001 0 spa d
040 _amxchpua
090 _aT.C.902
_bF56 EIUPA
_c2022
245 1 0 _a Estudio Integral de la Unidad de Producción Agroindustrial “Visons S.A.C.” /
_ccoordinador Emmanuel Flores Girón ; colaboradores Evelyn Badillo Solís...[y otros]
260 _aMéxico :
_bEl autor,
_c2022
300 _a1 recurso en línea (141 páginas) :
_bmapas, gráficas, diagramas, tablas, planos
336 _2rdacontent
_atexto
_btxt
337 _2rdamedia
_acomputadora
_bc
338 _2rdacarrier
_arecurso en línea
_bcr
500 _aGrado 7° Grupo 3
502 _aViaje de Estudios
_b(EIUPA) --
_cUACh. Departamento de Ingeniería Agroindustrial,
_d2022
504 _aBibliografía: páginas 74-77
505 0 _a5 planos: -- 1. Diagrama de flujo -- 2. Diagrama de recorrido -- 3. Plano de distribución de áreas (Esc. 1:1000)-- 4. Plano de distribución de áreas empaque de arándano (Esc. 1:100) -- 5. Plano de distribución de equipos (Esc. 1:100)
650 1 3 _9148659
_aIndustria de los alimentos
_zPerú
_zLima
650 1 3 _9148404
_aPlantas empacadoras
650 1 3 _9147758
_aEnvasado de alimentos
650 1 3 _9163123
_aManipulación alimentaria
650 1 3 _9156777
_aFrutas y hortalizas frescas
_x Exportación
650 1 3 _9148657
_aFood industry
_zPeru
_zLima
650 1 3 _9148403
_aPacking houses
650 1 3 _9147981
_aFood packaging
650 1 3 _9163120
_aFood handling
650 1 3 _9185358
_aFresh-cut produce
_xExports
700 1 _9161718
_aFlores Girón, Emmanuel
_ecoordinador
700 1 _9189133
_aBadillo Solís, Evelyn
_ecolaboradora
856 4 0 _uhttp://10.13.5.2/ve/TC902_EIUPA/TC902_EIUPA_2022-DIAGRAMA_DE_FLUJO.pdf
_yDESCARGAR DIAGRAMA DE FLUJO
856 4 0 _uhttp://10.13.5.2/ve/TC902_EIUPA/TC902_EIUPA_2022-DIAGRAMA_DE_RECORRIDO.pdf
_yDESCARGAR DIAGRAMA DE RECORRIDO
856 4 0 _uhttp://10.13.5.2/ve/TC902_EIUPA/TC902_EIUPA_2022-PLANO_DE_DISTRIBUCION_DE_AREAS.pdf
_yDESCARGAR PLANO DE DISTRIBUCIÓN DE ÁREAS
856 4 0 _uhttp://10.13.5.2/ve/TC902_EIUPA/TC902_EIUPA_2022-PLANO_DE_DISTRIBUCION_DE_AREAS_DE_EMPAQUE_DE_ARANDANO.pdf
_yDESCARGAR PLANO DE DISTRIBUCIÓN DE ÁREAS EMPAQUE DE ARÁNDANO
856 4 0 _uhttp://10.13.5.2/ve/TC902_EIUPA/TC902_EIUPA_2022-PLANO_DE_DISTRIBUCION_DE_EQUIPOS.pdf
_yDESCARGAR PLANO DE DISTRIBUCIÓN DE EQUIPOS
856 4 0 _uhttp://10.13.5.2/ve/TC902_EIUPA/TC902_EIUPA_2022-REPORTE.pdf
_yDESCARGAR REPORTE
999 _c219941
_d219941